1226 1564 1418 1528 1612 1084 1159 2000 1132 1578 1452 1393 1301 1895 1613 1822 1969 1838 1218 1934 1187 1275 1493 1340 1145 1928 1459 1638 1904 1970 1671 1355 1177 1025 1558 1226 1978 1092 1775 1095 1349 1518 1343 1568 1688 1764 1329 1998 1311 1903 1984 1615 1630 1432 1138 1325 1550 1295 1999 1140 1401 1045 1022 1237 1066 1203 1269 1011 1525 1304 1970 1150 1472 1412 1309 1156 1457 1440 1245 1814 1817 1361 1836 1984 1816 1023 1917 1304 1619 1859 1270 1638 1217 1207 1755 1774 1038 1656 1508 BCNSPRNW ULIB Ver.6.0+V

เปลี่ยนเป็นภาษาไทย

Change to English
 แสดงรายละเอียดบรรณานุกรม
  กลับหน้าหลัก

Brief Record : Get Marc (ISO 2709) : E-mail record : QR code < ปิดหน้าต่าง
LEADER : 00000nam 2200000uu 4500
001    13399121876
003     ULIB
008    121213s2547||||th 000 0 tha d
020    ^a9744658495
060 04 ^aWC515^bศ811ร 2547
100 0  ^aวิรุณศิริ อารยวงศ์
245 00 ^aรายงานสรุปผลการดำเนินงานและการวิเคราะห์ค่าใช้จ่ายเมื่อเกิดวิกฤติการณ์ไข้หวัดนก /^cโดยวิรุณศิริ อารยวงศ์
246 30 ^aการดำเนินงานและการวิเคราะห์ค่าใช้จ่ายเมื่อเกิดวิกฤติการณ์ไข้หวัดนก
260    ^a[นนทบุรี] :^bกองสนับสนุนสุขภาพภาคประชาชนและกรมสนับสนุนบริการสุขภาพ กระทรวงสาธารณสุข,^c2547
300    ^a63 หน้า :^bภาพประกอบ ;^c22 ซม.
500    ^aSend to Single Search
650  4 ^aไข้หวัดนก^xการจัดการ
650  4 ^aไข้หวัดนก^xค่าใช้จ่าย
650  4 ^aไข้หวัดนก^zไทย
650  4 ^aโรคเกิดจากไวรัส
650  4 ^aสัตว์ปีก^xโรคเกิดจากไวรัส
710 2  ^aกระทรวงสาธารณสุข.^bกรมสนับสนุนบริการสุขภาพ.^bศูนย์ประสานงานเครือข่ายการควบคุมและเฝ้าระวังโรคไข้หวัดนก
945    ^p0^l0^i24309
945    ^p0^l0^i24310
995    ^aกัณชพร
999    ^aกัณชพร
รายการนี้ยังไม่มีแท็ก
คุณยังไม่ได้ล็อกอิน คุณสามารถมีกิจกรรมร่วมกับเว็บไซต์ได้ แต่ต้องล็อกอินก่อน ::
  ล็อกอิน

รายการสื่อสารสนเทศ

ลำดับที่ ประเภท เลขเรียก/บาร์โค้ด สถานที่ สถานะ
1. วิทยาศาสตร์การแพทย์ และสุขภาพ
วิทยาศาสตร์การแพทย์ และสุขภาพ
WC515 ศ811ร 2547  
  Barcode: 24309
ห้องสมุดวิทยาเขตสวรรค์ประชารักษ์
►หนังสือทั่วไป
บนชั้น
2. วิทยาศาสตร์การแพทย์ และสุขภาพ
วิทยาศาสตร์การแพทย์ และสุขภาพ
WC515 ศ811ร 2547 ฉ.2 
  Barcode: 24310
ห้องสมุดวิทยาเขตสวรรค์ประชารักษ์
►หนังสือทั่วไป
บนชั้น

รายการใกล้เคียง
    ผู้แต่ง [วิรุณศิริ อารยวงศ์]

    หัวเรื่อง [โรคเกิดจากไวรัส]

BibComment


ยังไม่เคยถูกคอมเมนท์

คอมเมนท์ทรัพยากรรายการนี้
  คอมเมนท์: รายงานสรุปผลการด..


 Copyright 2026. Bcnsprnw @Library